<?xml version="1.0" encoding="UTF-8"?><?xml-stylesheet type="text/xsl" href="static/style.xsl"?><OAI-PMH xmlns="http://www.openarchives.org/OAI/2.0/" xmlns:xsi="http://www.w3.org/2001/XMLSchema-instance" xsi:schemaLocation="http://www.openarchives.org/OAI/2.0/ http://www.openarchives.org/OAI/2.0/OAI-PMH.xsd"><responseDate>2026-04-27T21:49:43Z</responseDate><request verb="GetRecord" identifier="oai:uvadoc.uva.es:10324/77249" metadataPrefix="marc">https://uvadoc.uva.es/oai/request</request><GetRecord><record><header><identifier>oai:uvadoc.uva.es:10324/77249</identifier><datestamp>2026-01-28T10:37:43Z</datestamp><setSpec>com_10324_38</setSpec><setSpec>col_10324_852</setSpec></header><metadata><record xmlns="http://www.loc.gov/MARC21/slim" xmlns:doc="http://www.lyncode.com/xoai" xmlns:xsi="http://www.w3.org/2001/XMLSchema-instance" xmlns:dcterms="http://purl.org/dc/terms/" xsi:schemaLocation="http://www.loc.gov/MARC21/slim http://www.loc.gov/standards/marcxml/schema/MARC21slim.xsd">
<leader>00925njm 22002777a 4500</leader>
<datafield tag="042" ind1=" " ind2=" ">
<subfield code="a">dc</subfield>
</datafield>
<datafield tag="720" ind1=" " ind2=" ">
<subfield code="a">Siguero García, Almudena</subfield>
<subfield code="e">author</subfield>
</datafield>
<datafield tag="260" ind1=" " ind2=" ">
<subfield code="c">2025</subfield>
</datafield>
<datafield tag="520" ind1=" " ind2=" ">
<subfield code="a">El presente Trabajo de Fin de Grado (TFG) analiza el tratamiento de la violencia &#xd;
de género a través de la literatura infantil en Educación Primaria (6-12 años).  Para tal fin &#xd;
se abordan los conceptos de violencia de género, estereotipos y roles de género, así como &#xd;
su presencia en el currículum oculto. Asimismo, se valora la literatura infantil como &#xd;
recurso para sensibilizar y prevenir desde edades tempranas. Mediante una metodología &#xd;
mixta —revisión bibliográfica y cuestionarios a docentes y educadores— se constata la &#xd;
necesidad de proporcionar un corpus de literatura infantil y juvenil (LIJ) sobre violencia &#xd;
de género, estructurado en torno a dos taxonomías: tipos de violencia e indicadores del &#xd;
ODS N.º 5.</subfield>
</datafield>
<datafield tag="024" ind2=" " ind1="8">
<subfield code="a">https://uvadoc.uva.es/handle/10324/77249</subfield>
</datafield>
<datafield tag="245" ind1="0" ind2="0">
<subfield code="a">Coeducación literaria: clasificación y tratamiento de la violencia de género en la etapa de Primaria</subfield>
</datafield>
</record></metadata></record></GetRecord></OAI-PMH>